000 00548nam a2200241 a 4500
001 nice12345678
003 IN_TiNIC
005 20260116012156.0
008 050524s0000 hyda grp 000 0 eng
020 _a
_c100
082 0 0 _a248.32
_bSIN
100 _aSingh, Bakht
245 _aMuch Business
260 _aHyderabad
_bHebron
_c0000
300 _a13p
500 _aincludes index and biblioraphy
505 2 _aIndex
650 _aPrayer-Christianity
700 1 _aSingh, Bakht
902 _bSRS
942 _cBK
999 _c5944
_d5944